[Event "FIDE Grand Swiss"]
[Site "Samarkand UZB"]
[Date "2025.09.06"]
[Round "3.1"]
[White "Alireza Firouzja"]
[Black "Parham Maghsoodloo"]
[Result "0-1"]
[EventDate "2025.09.04"]
[WhiteElo "2754"]
[BlackElo "2692"]
[PlyCount "104"]

1. e4 c5 2. Nf3 d6 3. d4 cxd4 4. Nxd4 Nf6 5. Nc3 a6 6. Be3 e5 7. Nb3 Be7 8. h3 Be6 9. Qd2 O-O 10. O-O-O a5 11. a4 Na6 12. f4 Rc8 13. fxe5 dxe5 14. Qxd8 Rfxd8 15. Rxd8+ Bxd8 16. Bxa6 bxa6 17. Rd1 Be7 18. Nd5 Bb4 19. Bb6 Nxe4 20. Nxa5 Bd6 21. Nb7 Bf8 22. a5 g6 23. c3 h5 24. Kc2 g5 25. Nc7 Bf5 26. Kb3 Rb8 27. Nd8 Nc5+ 28. Ka2 Bc2 29. Rd2 Bb3+ 30. Kb1 e4 31. Nd5 f5 32. g4 hxg4 33. hxg4 f4 34. Bxc5 Bxc5 35. Nf6+ Kg7 36. Nxe4 Be7 37. Nc6 Rh8 38. Nf2 Bc5 39. Rd7+ Kg6 40. Rb7 Bxf2 41. Rxb3 Kf6 42. Kc2 Rh4 43. Rb6 Bxb6 44. axb6 Rh7 45. c4 Rd7 46. Nb4 f3 47. Nd3 Ke7 48. c5 Rd8 49. c6 Kd6 50. c7 Re8 51. Kc3 Kc6 52. Kd4 0-1

[Event "FIDE Grand Swiss 2025"]
[Site "Samarkand UZB"]
[Date "2025.09.04"]
[Round "1.4"]
[White "Alireza Firouzja"]
[Black "Bassem Amin"]
[Result "1-0"]
[EventDate "2025.09.04"]
[WhiteElo "2754"]
[BlackElo "2636"]
[PlyCount "130"]

1. Nf3 Nf6 2. c4 g6 3. Nc3 Bg7 4. e4 d6 5. d4 O-O 6. Be2 e5 7. d5 a5 8. h3 Na6 9. Bg5 Qe8 10. g4 Nd7 11. Rg1 Ndc5 12. h4 Kh8 13. Be3 f5 14. gxf5 gxf5 15. Ng5 Qe7 16. Bh5 fxe4 17. Kd2 Bf5 18. Bg4 Qf6 19. Bxf5 Qxf5 20. Qg4 Bh6 21. Qxf5 Rxf5 22. Rg4 Raf8 23. Rag1 Bxg5 24. Rxg5 Rxg5 25. hxg5 Kg7 26. b3 b6 27. Rb1 Kg6 28. a3 Kf5 29. b4 axb4 30. axb4 Nd3 31. Rh1 Rf7 32. f3 Nb2 33. fxe4+ Kg4 34. Kc2 Nxc4 35. Bc1 b5 36. Kb3 Nb6 37. Nxb5 Rf3+ 38. Nc3 Rh3 39. Rxh3 Kxh3 40. Be3 Kg4 41. Na4 Nd7 42. Kc4 Kf3 43. b5 Nab8 44. Kd3 Nf8 45. Bd2 Ng6 46. Ba5 Nf4+ 47. Kc4 Kxe4 48. Bxc7 Nd7 49. Bxd6 Kf5 50. Bc7 Ng2 51. d6 Ne3+ 52. Kd3 Nd5 53. Nc5 Nxc5+ 54. Kc4 Nd7 55. Kxd5 e4 56. Ba5 e3 57. b6 e2 58. b7 Nb8 59. Bd2 Nd7 60. Be1 Nb8 61. Bf2 Nd7 62. Kc6 Ke6 63. Kc7 Nc5 64. Bxc5 e1=Q 65. b8=Q Kd5 1-0

[Event "Superbet Rapid Poland"]
[Site "Warsaw POL"]
[Date "2025.04.28"]
[Round "9"]
[White "Chithambaram VR Aravindh"]
[Black "Alireza Firouzja"]
[Result "1-0"]
[EventDate "2025.04.26"]
[WhiteElo "2749"]
[BlackElo "2757"]
[PlyCount "173"]

1. e4 e5 2. Nf3 Nc6 3. Bb5 a6 4. Ba4 Nf6 5. O-O Be7 6. d3 b5 7. Bb3 d6 8. a3 O-O 9. Nc3 Nb8 10. a4 b4 11. Ne2 c5 12. Ng3 Nc6 13. Bg5 Be6 14. c3 Rb8 15. Bxe6 fxe6 16. d4 bxc3 17. bxc3 cxd4 18. cxd4 Nxd4 19. Nxd4 exd4 20. Qxd4 d5 21. Rad1 Rb4 22. Qe5 Qd7 23. exd5 exd5 24. Nh5 Rxa4 25. Rxd5 Qg4 26. Bxf6 Bxf6 27. Nxf6+ gxf6 28. Qe7 Qe4 29. Qd6 Re8 30. Rdd1 Qe6 31. Qc7 Rc4 32. Qb7 Qc6 33. Qb3 Kh8 34. g3 a5 35. Qa3 Ra4 36. Qb2 Rae4 37. Rc1 Qd6 38. Rcd1 Qe6 39. Qb7 a4 40. Qa7 Re7 41. Qa5 Kg7 42. Ra1 Qe5 43. Rxa4 Qxa5 44. Rxa5 Kg6 45. Raa1 h5 46. Kg2 R7e5 47. Rfd1 Re2 48. Ra3 Rf5 49. Rf3 Rxf3 50. Kxf3 Ra2 51. Rd4 Rb2 52. Ra4 Rc2 53. Rb4 Ra2 54. Rc4 Rb2 55. Re4 Ra2 56. Re2 Ra4 57. Re4 Ra2 58. Kg2 Rb2 59. Rf4 Ra2 60. h3 Rb2 61. Re4 Ra2 62. Kf3 Rb2 63. Re2 Rb4 64. h4 Ra4 65. Re4 Ra2 66. Ke3 Rb2 67. Rd4 Ra2 68. f3 Ra3+ 69. Kf4 Ra1 70. g4 hxg4 71. fxg4 Rf1+ 72. Kg3 Rg1+ 73. Kf3 Rf1+ 74. Kg2 Ra1 75. Rf4 Ra3 76. Rf3 Ra1 77. Kg3 Ra5 78. Re3 Ra1 79. Re7 Ra3+ 80. Kf4 Ra4+ 81. Re4 Ra7 82. h5+ Kf7 83. Rd4 Rb7 84. Rc4 Ra7 85. Rc5 Rb7 86. Kf5 Kg7 87. Rd5 { time } 1-0

[Event "World Blitz Championship"]
[Site "New York, NY USA"]
[Date "2024.12.30"]
[Round "5.2"]
[White "Alireza Firouzja"]
[Black "Levon Aronian"]
[Result "1/2-1/2"]
[EventDate "2024.12.30"]
[WhiteElo "2871"]
[BlackElo "2737"]
[PlyCount "88"]

1. e4 e5 2. Nf3 Nc6 3. Bc4 Nf6 4. d3 Be7 5. O-O O-O 6. Nc3 d6 7. a4 Be6 8. Nd5 Bxd5 9. exd5 Nb4 10. d4 Re8 11. dxe5 dxe5 12. Nxe5 Bc5 13. Nd3 Nxd3 14. cxd3 Nxd5 15. d4 Bf8 16. Qb3 c6 17. Qxb7 Qd6 18. Qb3 Be7 19. Qg3 Qd7 20. Be3 Bf6 21. Rad1 Rad8 22. b3 Qf5 23. h3 h5 24. Rfe1 h4 25. Qg4 Qxg4 26. hxg4 Nxe3 27. Rxe3 Kf8 28. Rxe8+ Kxe8 29. d5 cxd5 30. Bxd5 a5 31. Kf1 Kf8 32. Ke2 Be7 33. f4 g5 34. Kf3 Rd6 35. fxg5 Bxg5 36. Ke4 Rf6 37. Ke5 Rf4 38. Bc4 Rxg4 39. Rd7 Be7 40. Rd2 Rg5+ 41. Ke4 f6 42. Kf3 Rg3+ 43. Kf4 Bb4 44. Re2 Rg5 1/2-1/2

[Event "World Blitz Championship"]
[Site "New York, NY USA"]
[Date "2024.12.30"]
[Round "6.3"]
[White "Sam Shankland"]
[Black "Alireza Firouzja"]
[Result "0-1"]
[EventDate "2024.12.30"]
[WhiteElo "2672"]
[BlackElo "2763"]
[PlyCount "60"]

1. Nf3 Nf6 2. g3 g6 3. Bg2 Bg7 4. O-O O-O 5. d4 d6 6. Re1 Nbd7 7. e4 e5 8. Nc3 a6 9. a4 b6 10. b3 Bb7 11. dxe5 dxe5 12. Ba3 Re8 13. Qe2 Bf8 14. Bb2 c6 15. Red1 b5 16. Ne1 Qc7 17. Nd3 Nc5 18. Bc1 Ne6 19. Be3 Nd4 20. Qd2 b4 21. Ne2 c5 22. Bxd4 cxd4 23. f3 a5 24. Bh3 Ra6 25. Rac1 h5 26. Nb2 Kh7 27. Qd3 Bh6 28. Rb1 Rc6 29. Nc4 Ba6 30. Bf1 Rxc4 0-1

[Event "World Blitz Championship"]
[Site "New York, NY USA"]
[Date "2024.12.30"]
[Round "1.2"]
[White "Alireza Firouzja"]
[Black "Alan Pichot"]
[Result "1-0"]
[EventDate "2024.12.30"]
[WhiteElo "2871"]
[BlackElo "2531"]
[PlyCount "78"]

1. e4 e5 2. Nf3 Nc6 3. Bc4 Bc5 4. O-O Nf6 5. d3 h6 6. c3 d6 7. Re1 O-O 8. h3 a5 9. Bb3 Ba7 10. Nbd2 Re8 11. Nf1 Be6 12. Ba4 Bd7 13. Ng3 Ne7 14. Bc2 c5 15. a4 Ng6 16. Bb3 Be6 17. Bxe6 Rxe6 18. c4 Nd7 19. Nf5 Ne7 20. Nd2 Kh8 21. Nf1 Nxf5 22. exf5 Re8 23. Qf3 Nf6 24. Qxb7 Re7 25. Qf3 d5 26. Ne3 e4 27. dxe4 dxe4 28. Qe2 Bb8 29. Rd1 Qc8 30. Bd2 Be5 31. Bc3 Bxc3 32. bxc3 Rd7 33. Rab1 Qd8 34. Rxd7 Qxd7 35. Rb5 Qc6 36. Qd2 Kh7 37. g4 Ra7 38. Qd8 Rd7 39. Qf8 Re7 1-0

[Event "World Blitz Championship"]
[Site "New York, NY USA"]
[Date "2024.12.30"]
[Round "2.2"]
[White "Aryan Tari"]
[Black "Alireza Firouzja"]
[Result "0-1"]
[EventDate "2024.12.30"]
[WhiteElo "2629"]
[BlackElo "2763"]
[PlyCount "122"]

1. e4 c5 2. Nf3 d6 3. Bb5+ Nd7 4. O-O a6 5. Bxd7+ Bxd7 6. c3 Nf6 7. Re1 Bc6 8. d4 cxd4 9. cxd4 g6 10. Nc3 Bg7 11. d5 Bd7 12. h3 O-O 13. Be3 Rc8 14. Qd2 b5 15. a3 a5 16. Bd4 b4 17. axb4 axb4 18. Na4 Rb8 19. b3 Re8 20. e5 dxe5 21. Bxe5 Rb5 22. Rad1 Rxd5 23. Qxb4 Bc6 24. Nd4 Bxa4 25. Qxa4 Nh5 26. Bxg7 Nxg7 27. Qa1 Qb6 28. Nf3 Qxb3 29. Rb1 Qc4 30. Rbc1 Qf4 31. Qa2 e6 32. Rc4 Qd6 33. Rce4 Nf5 34. Qb2 h5 35. Qf6 Qd8 36. Qa1 Qa5 37. Qb2 Qc7 38. Ne5 Rb8 39. Qa1 Rbd8 40. Rc1 Qxc1+ 41. Qxc1 Rd1+ 42. Qxd1 Rxd1+ 43. Kh2 Kg7 44. g4 hxg4 45. hxg4 Nd4 46. Kg2 Nb5 47. Nf3 Nc7 48. Ne5 Nd5 49. g5 Ra1 50. Kh2 Ra5 51. Kg3 Ne7 52. f4 Ra3+ 53. Kf2 Nd5 54. Rc4 Ra2+ 55. Kf3 Ra3+ 56. Kf2 Ra8 57. Ng4 Ra2+ 58. Kf3 Ra3+ 59. Kf2 Ra8 60. Ne5 Rh8 61. Rc7 Nxc7 0-1

[Event "World Blitz Championship"]
[Site "New York, NY USA"]
[Date "2024.12.30"]
[Round "3.2"]
[White "Alireza Firouzja"]
[Black "Shant Sargsyan"]
[Result "1-0"]
[EventDate "2024.12.30"]
[WhiteElo "2871"]
[BlackElo "2618"]
[PlyCount "122"]

1. e4 e5 2. Nf3 Nc6 3. Bc4 Nf6 4. d3 Bc5 5. h3 O-O 6. Nc3 a6 7. Be3 d6 8. Bxc5 dxc5 9. a4 Qd6 10. Nd5 Nxd5 11. Bxd5 Nb4 12. Bc4 Be6 13. Nd2 b5 14. Bxe6 Qxe6 15. O-O Rfd8 16. b3 h6 17. Re1 Nc6 18. Re3 Qe7 19. Rg3 Nd4 20. Nf1 c4 21. axb5 cxb3 22. c3 Nxb5 23. Qxb3 Qc5 24. Rc1 a5 25. Ne3 Rxd3 26. Kh2 a4 27. Qa2 a3 28. Qe2 Rxe3 29. Rxe3 Nd6 30. Ra1 Qc4 31. Qxc4 Nxc4 32. Rd3 Kf8 33. Rd5 Ra4 34. Rc5 Nd2 35. Rxc7 Nxe4 36. Ra2 g5 37. f3 Nd6 38. Rc6 Nf5 39. Rc5 f6 40. Rb5 Ne3 41. Rb3 Nc4 42. Rb7 h5 43. Kg3 h4+ 44. Kf2 Ke8 45. Ke2 Ra6 46. Kd3 Rc6 47. Rb4 Nb2+ 48. Kc2 Nc4 49. Kb3 Ne3 50. Rxa3 Nxg2 51. Ra7 Rd6 52. Rbb7 Nf4 53. Rh7 Ng6 54. Rhg7 Nf8 55. Rge7+ Kd8 56. Rg7 Ke8 57. c4 Rb6+ 58. Kc3 Rb8 59. c5 f5 60. c6 e4 61. Rae7+ 1-0

[Event "World Blitz Championship"]
[Site "New York, NY USA"]
[Date "2024.12.30"]
[Round "4.2"]
[White "Raunak Sadhwani"]
[Black "Alireza Firouzja"]
[Result "0-1"]
[EventDate "2024.12.30"]
[WhiteElo "2673"]
[BlackElo "2763"]
[PlyCount "132"]

1. e4 c5 2. Nf3 d6 3. Bb5+ Nd7 4. Ba4 a6 5. c4 e5 6. O-O Ne7 7. Nc3 Ng6 8. d3 Be7 9. a3 O-O 10. b4 Nb6 11. Bc2 f5 12. bxc5 dxc5 13. Rb1 fxe4 14. dxe4 Nxc4 15. Qxd8 Bxd8 16. Bb3 Be6 17. Nd2 b5 18. a4 Ba5 19. axb5 Bxc3 20. Bxc4 Bxc4 21. Nxc4 axb5 22. Rxb5 Bd4 23. Be3 Nf4 24. g3 Ne2+ 25. Kg2 Nc3 26. Bxd4 Nxb5 27. Bxc5 Rfe8 28. Nd6 Nxd6 29. Bxd6 Ra4 30. Re1 Rc4 31. Ba3 Rb8 32. Rd1 Rxe4 33. Bc5 h6 34. Rd7 Rc4 35. Be3 Re8 36. h4 h5 37. Rb7 Rc6 38. Rd7 Kh7 39. Kf3 Kg6 40. Rb7 Rf6+ 41. Kg2 Rf7 42. Rb6+ Kf5 43. Rb5 Rd7 44. Rb4 Rc8 45. Kf3 Rc2 46. g4+ hxg4+ 47. Rxg4 Rf7 48. Rg5+ Ke6+ 49. Kg3 Ra2 50. h5 Ra1 51. Kg2 Kd5 52. Rg6 Ra2 53. h6 gxh6 54. Rxh6 Ke4 55. Rh4+ Kd3 56. Rh5 e4 57. Rb5 Ke2 58. Re5 Ra4 59. Kg3 Rf3+ 60. Kg2 Rf8 61. Kg3 Rf7 62. Bf4 Rc4 63. f3 Rg7+ 64. Kh4 Kxf3 65. Bg5 e3+ 66. Kh5 Re4 0-1

[Event "World Blitz Championship"]
[Site "New York, NY USA"]
[Date "2024.12.30"]
[Round "7.2"]
[White "Alireza Firouzja"]
[Black "Fabiano Caruana"]
[Result "0-1"]
[EventDate "2024.12.30"]
[WhiteElo "2871"]
[BlackElo "2796"]
[PlyCount "58"]

1. e4 c5 2. Nf3 Nc6 3. d4 cxd4 4. Nxd4 Nf6 5. Nc3 e5 6. Ndb5 d6 7. Nd5 Nxd5 8. exd5 Nb8 9. Qf3 a6 10. Qa3 Be7 11. Bd2 O-O 12. Bb4 axb5 13. Qxa8 Na6 14. Bd2 Bg5 15. Bxg5 Qxg5 16. Qa7 Nb4 17. Kd1 Bg4+ 18. f3 Bf5 19. c3 Nc2 20. Rc1 Ne3+ 21. Ke2 Nc4 22. Rd1 Bc2 23. Qf2 e4 24. Rd4 Bd3+ 25. Rxd3 exd3+ 26. Kxd3 Qc1 27. b3 Nb2+ 28. Ke4 f5+ 29. Kd4 Qf4# 0-1

[Event "TechM Global Chess Leaague Final"]
[Site "London ENG"]
[Date "2024.10.12"]
[Round "1.1"]
[White "Alireza Firouzja"]
[Black "Anish Giri"]
[Result "1-0"]
[EventDate "2024.10.03"]
[WhiteElo "2742"]
[BlackElo "2662"]
[PlyCount "90"]

1. Nc3 Nf6 2. d4 d5 3. Bf4 c5 4. e3 cxd4 5. exd4 a6 6. Nf3 Nc6 7. Ne5 e6 8. g3 Bd7 9. Bg2 Nxe5 10. dxe5 Ng8 11. h4 Rc8 12. O-O Ne7 13. h5 h6 14. Ne2 Nc6 15. c3 Be7 16. Nc1 O-O 17. Nd3 b5 18. a3 a5 19. Qg4 Kh8 20. Rfe1 f5 21. exf6 Bxf6 22. Bh3 Qe7 23. Rxe6 Bxe6 24. Qxe6 Qxe6 25. Bxe6 d4 26. Bxc8 Rxc8 27. cxd4 Nxd4 28. Kg2 Rd8 29. Ne5 Bxe5 30. Bxe5 Rd5 31. Re1 Nc6 32. Bc7 Rxh5 33. Rc1 Nd4 34. Bxa5 Rf5 35. Rc7 Rd5 36. Bc3 Kg8 37. Rb7 Nf5 38. Kf3 Rc5 39. g4 Nh4+ 40. Kg3 g5 41. f4 Rd5 42. f5 Rd3+ 43. Kf2 h5 44. Ke2 Rd5 45. f6 1-0

[Event "TechM Global Chess Leaague Final"]
[Site "London ENG"]
[Date "2024.10.12"]
[Round "1.2"]
[White "Anish Giri"]
[Black "Alireza Firouzja"]
[Result "1-0"]
[EventDate "2024.10.03"]
[WhiteElo "2662"]
[BlackElo "2742"]
[PlyCount "116"]

1. e4 c6 2. d4 d5 3. e5 Bf5 4. Nf3 e6 5. Be2 Ne7 6. c3 h6 7. O-O Nd7 8. Na3 a6 9. Nc2 c5 10. dxc5 Nxc5 11. Be3 Nd7 12. Ncd4 g5 13. c4 Bg6 14. h4 dxc4 15. hxg5 hxg5 16. Bxg5 Bg7 17. Bxc4 Nxe5 18. Qe2 Nxc4 19. Qxc4 Rc8 20. Qb4 Qd7 21. Rfe1 Nd5 22. Qa3 Bf8 23. Qb3 Bg7 24. Qa3 Bf8 25. Qb3 Bg7 26. Ne5 Bxe5 27. Rxe5 Kf8 28. Rae1 Kg7 29. Qf3 Rh5 30. Ne2 f6 31. Rxd5 Qxd5 32. Qxf6+ Kh7 33. Qe7+ Kg8 34. Nf4 Qe4 35. Rd1 Rh7 36. Qf6 Bf5 37. Bh6 Rf7 38. Qg5+ Kh7 39. Qh4 Kg8 40. Qg5+ Kh7 41. Qh4 e5 42. f3 Qc2 43. Rd6 exf4 44. Bxf4+ Kg8 45. Rh6 Rg7 46. Bg3 Qc1+ 47. Kh2 Rc6 48. Qd8+ Kf7 49. Qd5+ Be6 50. Qh5+ Kf8 51. Rh8+ Bg8 52. Qh4 Rcg6 53. Qd8+ Kf7 54. Qd7+ Kf6 55. Qd6+ Kf7 56. Qd7+ Kf6 57. Bh4+ Ke5 58. Rh5+ 1-0

[Event "TechM Global Chess League"]
[Site "London ENG"]
[Date "2024.10.11"]
[Round "10.3"]
[White "Alireza Firouzja"]
[Black "Magnus Carlsen"]
[Result "0-1"]
[EventDate "2024.10.03"]
[WhiteElo "2742"]
[BlackElo "2834"]
[PlyCount "130"]

1. e4 c5 2. Nf3 e6 3. d4 cxd4 4. Nxd4 a6 5. c4 Nf6 6. Nc3 Qc7 7. a3 b6 8. Be3 Bb7 9. f3 Be7 10. Be2 d6 11. O-O O-O 12. Rc1 Nbd7 13. b4 Rac8 14. Qd2 Rfe8 15. Nb3 Qb8 16. Rfd1 h5 17. Bf4 Ne5 18. Na4 Bc6 19. Nb2 h4 20. Qe3 Ng6 21. Bg5 b5 22. Nd4 Bd7 23. h3 d5 24. c5 e5 25. Nf5 Bxf5 26. exf5 Nf4 27. Bxh4 Ng4 28. fxg4 Bxh4 29. Nd3 d4 30. Qe4 Nxe2+ 31. Qxe2 e4 32. Nf2 Qf4 33. Rf1 Qe5 34. Rce1 Qd5 35. g5 Qxf5 36. Qh5 Qh7 37. Qg4 e3 38. g3 exf2+ 39. Kxf2 Qc2+ 40. Kg1 Bxg5 41. Qxg5 Rxe1 42. Rxe1 d3 43. Qf5 Rf8 44. Rf1 Qc3 45. Qd5 Qxa3 46. c6 Qxb4 47. c7 Qc4 48. Qd7 d2 49. Rd1 Qc5+ 50. Kg2 g6 51. Rxd2 Kg7 52. Qd8 Qc6+ 53. Kh2 Re8 54. h4 b4 55. h5 b3 56. Rf2 gxh5 57. Qg5+ Qg6 58. Qd8 Qe6 59. Qg5+ Kf8 60. Qc5+ Kg8 61. Qg5+ Qg6 62. Qd8 Qe6 63. Qg5+ Kh8 64. Rf6 Qe2+ 65. Kg1 Qd1+ 0-1

[Event "TechM Global Chess League"]
[Site "London ENG"]
[Date "2024.10.10"]
[Round "9.3"]
[White "Anish Giri"]
[Black "Alireza Firouzja"]
[Result "1-0"]
[EventDate "2024.10.03"]
[WhiteElo "2662"]
[BlackElo "2742"]
[PlyCount "222"]

1. e4 d6 2. d4 Nf6 3. Nc3 c6 4. f4 Qa5 5. Bd3 e5 6. Nf3 Bg4 7. dxe5 dxe5 8. h3 Bxf3 9. Qxf3 Nbd7 10. O-O Bd6 11. f5 h5 12. a3 h4 13. Kh2 Nh5 14. Ne2 Qc7 15. b4 Nf4 16. Nxf4 exf4 17. Bxf4 Bxf4+ 18. Qxf4 Qxf4+ 19. Rxf4 Ke7 20. Kg1 Ne5 21. Kf2 a5 22. b5 cxb5 23. Bxb5 Rac8 24. Bd3 Rc3 25. a4 Kf6 26. Ke2 Kg5 27. Rff1 Rd8 28. Kd2 Rc6 29. Rab1 b6 30. Rb5 f6 31. Rd5 Rdc8 32. Ke3 Rc3 33. Rb1 Ra3 34. Kd2 Rc6 35. Bb5 Rc7 36. Bd3 Kf4 37. Rxb6 Rxa4 38. Rxe5 Kxe5 39. Ke3 Re7 40. Rc6 Ra1 41. Ra6 a4 42. c4 a3 43. c5 Rc1 44. Rxa3 Rxc5 45. Ra6 Rc3 46. Rb6 Rc5 47. Ra6 g6 48. fxg6 Rg7 49. Ra8 Kd6 50. Ra6+ Ke5 51. Ra8 Kd6 52. Ra6+ Rc6 53. Ra5 Ke6 54. Be2 Rxg6 55. Bg4+ Ke7 56. Ra7+ Kf8 57. Rh7 Rc2 58. Kf3 Rg5 59. Rxh4 Ra5 60. Kg3 Ra3+ 61. Bf3 Kg7 62. Rh5 Re3 63. Rf5 Rcc3 64. Kf4 Re1 65. Rd5 Rf1 66. Rd7+ Kg6 67. Rd6 Kg7 68. Rd5 Ra3 69. Rd4 Rc3 70. Rd2 Ra3 71. Rc2 Rb3 72. Rc7+ Kg6 73. Rc8 Kg7 74. Rc6 Rb2 75. Kg3 Rb3 76. Kg4 Ra3 77. Rb6 Rc3 78. Rd6 Ra3 79. Rd7+ Kg6 80. Rd8 Kg7 81. Rd5 Rc3 82. Rd6 Ra3 83. Kf4 Rc3 84. Rd7+ Kg6 85. Rd5 Ra3 86. Rd6 Kg7 87. Kg4 Rc3 88. Rb6 Rd3 89. Ra6 Rc3 90. Ra5 Rb3 91. Rc5 Ra3 92. Rd5 Re3 93. Rd6 Ra3 94. Rc6 Rd3 95. Be2 Rfd1 96. Bxd3 Rxd3 97. Kf4 Rd1 98. Rc3 Rf1+ 99. Rf3 Re1 100. g4 Kg6 101. h4 Ra1 102. h5+ Kg7 103. Rd3 Rf1+ 104. Rf3 Rb1 105. g5 fxg5+ 106. Kxg5 Rg1+ 107. Kf5 Rh1 108. Kg4 Rg1+ 109. Rg3 Rf1 110. e5 Kh6 111. Re3 1-0

[Event "TechM Global Chess League"]
[Site "London ENG"]
[Date "2024.10.09"]
[Round "8.2"]
[White "Viswanathan Anand"]
[Black "Alireza Firouzja"]
[Result "0-1"]
[EventDate "2024.10.03"]
[WhiteElo "2751"]
[BlackElo "2767"]
[PlyCount "60"]

1. e4 c6 2. d4 d6 3. Nc3 Qc7 4. f4 e5 5. Nf3 Nd7 6. Bd3 Ngf6 7. O-O Be7 8. Kh1 O-O 9. Qe1 exd4 10. Nxd4 Re8 11. Qg3 Bf8 12. Bd2 g6 13. Nf3 Bg7 14. Rae1 b5 15. a3 a5 16. Qh4 b4 17. axb4 axb4 18. Nd1 Ba6 19. Bxa6 Rxa6 20. e5 dxe5 21. fxe5 Nxe5 22. Nxe5 Rxe5 23. Rxe5 Qxe5 24. Qxb4 Ra1 25. Re1 Qh5 26. Nf2 Rxe1+ 27. Bxe1 Qe2 28. Nh3 Bf8 29. Qd2 Qf1+ 30. Ng1 Bc5 0-1

[Event "TechM Global Chess League"]
[Site "London ENG"]
[Date "2024.10.07"]
[Round "6.1"]
[White "Vachier-Lagrave, Maxime"]
[Black "Alireza Firouzja"]
[Result "0-1"]
[EventDate "2024.10.03"]
[WhiteElo "2755"]
[BlackElo "2742"]
[PlyCount "84"]

1. e4 c5 2. Nf3 d6 3. d4 cxd4 4. Nxd4 Nf6 5. Nc3 a6 6. Bc4 e6 7. Be3 b5 8. Bb3 Be7 9. a3 O-O 10. Qe2 Bb7 11. f3 Nc6 12. O-O-O Na5 13. Kb1 Rc8 14. Qe1 Nd7 15. h4 Ne5 16. h5 Nec4 17. Bc1 Bf6 18. g4 Qb6 19. Nce2 d5 20. g5 Be7 21. exd5 Bxd5 22. Nf4 Bb7 23. g6 Bf6 24. gxf7+ Rxf7 25. Nfxe6 Re8 26. Qg3 Rxe6 27. Nxe6 Qxe6 28. Rhe1 Qc8 29. Ba2 h6 30. Rd3 Nc6 31. f4 Ne7 32. Red1 Qf5 33. Rd8+ Kh7 34. Rb8 Be4 35. Bb3 Nc6 36. Re8 Nd4 37. Ka2 Nxb3 38. cxb3 Bb1+ 39. Ka1 Nxa3 40. Qf3 b4 41. Rd2 Nc2+ 42. Rxc2 Bxc2 0-1

[Event "TechM Global Chess League"]
[Site "London ENG"]
[Date "2024.10.06"]
[Round "5.3"]
[White "Alireza Firouzja"]
[Black "Vachier-Lagrave, Maxime"]
[Result "1-0"]
[EventDate "2024.10.03"]
[WhiteElo "2742"]
[BlackElo "2755"]
[PlyCount "158"]

1. Nc3 c5 2. d4 cxd4 3. Qxd4 Nc6 4. Qa4 e6 5. e4 Bc5 6. Nf3 d6 7. e5 dxe5 8. Nxe5 Ne7 9. Ne4 Bb4+ 10. c3 Qd5 11. Bd3 Qxe5 12. cxb4 f5 13. f4 Qd4 14. Nf2 Qxb4+ 15. Qxb4 Nxb4 16. Bb1 Bd7 17. Bd2 Nbd5 18. O-O Rc8 19. Re1 O-O 20. Bd3 Rfd8 21. b3 Kf7 22. Rac1 Rxc1 23. Rxc1 Bc6 24. g3 Nf6 25. Ba5 Rd7 26. Bf1 Be4 27. Rc7 Rxc7 28. Bxc7 Nc6 29. Bd6 Nd4 30. Bc5 Nf3+ 31. Kg2 b6 32. Nxe4 Ne1+ 33. Kg1 Nxe4 34. Be3 Nc2 35. Bc1 Nb4 36. a3 Nd5 37. Bc4 Ke7 38. Kf1 Kd6 39. Ke2 Kc5 40. a4 Nd6 41. Ba3+ Kc6 42. Bd3 g6 43. Kd2 a5 44. Bb2 Ne4+ 45. Ke2 Kc5 46. Bc4 Nd6 47. Ba3+ Kc6 48. Bd3 Nb4 49. Bb1 b5 50. axb5+ Nxb5 51. Bb2 Kd5 52. Ke3 Nd6 53. Bf6 Nb7 54. Kd2 Nc5 55. Kc3 Ne4+ 56. Bxe4+ fxe4 57. Bd8 Nc6 58. Bb6 h5 59. h3 e5 60. fxe5 Kxe5 61. Kc4 Kd6 62. Bc5+ Ke6 63. Bb6 g5 64. Kc5 Ne7 65. Bxa5 e3 66. Be1 Ke5 67. b4 g4 68. hxg4 hxg4 69. b5 Nd5 70. b6 Nxb6 71. Kxb6 Kd5 72. Kb5 e2 73. Kb4 Kd4 74. Kb3 Kd3 75. Kb2 Kd4 76. Kc2 Ke3 77. Kc3 Ke4 78. Kd2 Kf3 79. Kd3 1-0

[Event "TechM GCL 2024"]
[Site "London ENG"]
[Date "2024.10.05"]
[Round "3.2"]
[White "Alireza Firouzja"]
[Black "Viswanathan Anand"]
[Result "1-0"]
[EventDate "2024.10.03"]
[WhiteElo "2742"]
[BlackElo "2749"]
[PlyCount "94"]

1. Nc3 d5 2. d4 Nf6 3. Bf4 c5 4. e3 cxd4 5. exd4 a6 6. Nf3 Bg4 7. h3 Bxf3 8. Qxf3 Nc6 9. O-O-O e6 10. g4 Bd6 11. Be3 Rc8 12. g5 Nd7 13. Kb1 Nb6 14. h4 Ne7 15. Bc1 Nc4 16. Ne2 O-O 17. h5 Rc6 18. Bh3 Bb8 19. Nf4 Qb6 20. Rd3 Bxf4 21. Qxf4 Nd6 22. h6 g6 23. Qf6 Nef5 24. Bxf5 Nxf5 25. Rf3 e5 26. Qxe5 Re6 27. Qxd5 Rd8 28. Qb3 Nxd4 29. Qxb6 Rxb6 30. Rd1 Rbd6 31. Re3 Ne6 32. Rxd6 Rxd6 33. Rb3 Rd7 34. a4 f6 35. gxf6 Kf7 36. Rb6 Kxf6 37. c4 Kf5 38. Be3 g5 39. c5 Nf4 40. c6 bxc6 41. Rxa6 Rd6 42. a5 Rxh6 43. Ra8 Rh1+ 44. Ka2 Nd5 45. a6 Nxe3 46. fxe3 Rh4 47. Rf8+ 1-0

[Event "TechM Global Chess League"]
[Site "London ENG"]
[Date "2024.10.04"]
[Round "2.3"]
[White "Magnus Carlsen"]
[Black "Alireza Firouzja"]
[Result "0-1"]
[EventDate "2024.10.03"]
[WhiteElo "2834"]
[BlackElo "2742"]
[PlyCount "160"]

1. d4 d5 2. c4 e6 3. Nf3 Nf6 4. Nc3 c6 5. g3 dxc4 6. Bg2 Nbd7 7. a4 Be7 8. O-O O-O 9. a5 Nd5 10. h4 Bb4 11. Bg5 N7f6 12. Qc2 Bxa5 13. e4 Bxc3 14. bxc3 Ne7 15. Ne5 b5 16. Qc1 Kh8 17. Qf4 Neg8 18. Nxc6 Qb6 19. Qd6 Bb7 20. e5 Bxc6 21. Bxc6 Rad8 22. Qc5 Qxc5 23. dxc5 h6 24. Bc1 Nd5 25. Bxb5 Nxc3 26. Bxc4 Rd4 27. Ba6 Nd5 28. c6 Nge7 29. Ba3 Re8 30. Rfc1 Nc7 31. Bf1 Ned5 32. Bc5 Rd2 33. Rxa7 Rc8 34. Bd6 f5 35. exf6 gxf6 36. Bh3 Nb5 37. Rd7 Nb6 38. Bf4 Rxd7 39. cxd7 Rxc1+ 40. Bxc1 Nxd7 41. Bxe6 Nc5 42. Bc4 Nd6 43. Bf1 Kg7 44. Ba3 Ncb7 45. Bg2 Nc4 46. Bc1 Nc5 47. Bf1 Ne5 48. Kg2 Ne4 49. Bb2 Nd6 50. Be2 Nb7 51. f4 Nf7 52. Kf3 Nc5 53. Ke3 Nd6 54. g4 Ne6 55. Ba3 Nf7 56. Ke4 h5 57. Bc4 Ned8 58. gxh5 Nh6 59. Kd5 Nf5 60. Bd3 Nxh4 61. Be7 Nf7 62. Ke6 Ng2 63. Bxf6+ Kh6 64. f5 Nf4+ 65. Kxf7 Nxd3 66. Bd4 Kxh5 67. f6 Nf4 68. Ke8 Ng6 69. f7 Kg5 70. Kd7 Kf5 71. Bg7 Kg5 72. Ke6 Nf4+ 73. Kd6 Ng6 74. Kd7 Kf5 75. Kd6 Kg5 76. Ke6 Kh5 77. Kf6 Nf4 78. f8=Q Kg4 79. Ke5 Ng6+ 80. Ke4 Nh4 0-1

[Event "TechM Global Chess League"]
[Site "London ENG"]
[Date "2024.10.03"]
[Round "1"]
[White "Alireza Firouzja"]
[Black "Anish Giri"]
[Result "1/2-1/2"]
[EventDate "2024.10.03"]
[WhiteElo "2742"]
[BlackElo "2662"]
[PlyCount "112"]

1. d4 Nf6 2. c4 e6 3. Bf4 Bb4+ 4. Nd2 c5 5. dxc5 O-O 6. e3 Bxc5 7. Ngf3 b6 8. Bd3 Bb7 9. Qc2 Be7 10. O-O Na6 11. a3 Nc5 12. Be2 Rc8 13. Rad1 d6 14. Qb1 Nh5 15. Bg3 Nxg3 16. hxg3 Bf6 17. Nd4 g6 18. Bf3 Qe7 19. b4 Bxf3 20. N2xf3 Nd7 21. Qb3 Ne5 22. Nxe5 Bxe5 23. Rd2 Rc7 24. Nf3 Rfc8 25. Nxe5 dxe5 26. Rc1 h5 27. Rdc2 h4 28. gxh4 Qxh4 29. c5 Kg7 30. Rc4 Qh5 31. f3 Rh8 32. Qc3 bxc5 33. bxc5 Qh2+ 34. Kf2 Rh3 35. Rg4 f5 36. Rh1 Rxf3+ 37. Ke2 Qxh1 38. Qxe5+ Kf8 39. gxf3 fxg4 40. Qxc7 gxf3+ 41. Kd2 Qg2+ 42. Kc3 f2 43. Qd8+ Kf7 44. Qc7+ Kf6 45. Qf4+ Kg7 46. Qd4+ e5 47. Qxe5+ Kh6 48. Qh8+ Kg5 49. Qe5+ Kg4 50. Qd4+ Kg5 51. Qe5+ Kh4 52. Qh8+ Kg4 53. Qd4+ Kh5 54. Qh8+ Kg4 55. Qd4+ Kh5 56. Qh8+ Kg4 1/2-1/2

[Event "Saint Louis Rapid"]
[Site "Saint Louis, MO USA"]
[Date "2024.08.14"]
[Round "8.4"]
[White "Rameshbabu Praggnanandhaa"]
[Black "Alireza Firouzja"]
[Result "1/2-1/2"]
[EventDate "2024.08.12"]
[WhiteElo "2749"]
[BlackElo "2751"]
[PlyCount "130"]

1. d4 d5 2. c4 c6 3. cxd5 cxd5 4. Nc3 Nc6 5. e4 dxe4 6. d5 Ne5 7. Qa4+ Bd7 8. Qxe4 Ng6 9. Nf3 Nf6 10. Qd4 e6 11. dxe6 Bxe6 12. Bg5 Qxd4 13. Nxd4 Bb4 14. Bb5+ Ke7 15. O-O h6 16. Nxe6 hxg5 17. Nxg7 Bxc3 18. bxc3 Nd5 19. c4 Nc3 20. Rfe1+ Kf8 21. Nf5 a6 22. Bd7 Rd8 23. Rac1 Nxa2 24. Rcd1 Nh4 25. Ne3 Nc3 26. Rc1 Rxd7 27. Rxc3 Ng6 28. Rb3 Kg7 29. Reb1 Rb8 30. Rb6 Rc7 31. Rxa6 bxa6 32. Rxb8 Ne5 33. Rb4 a5 34. Ra4 Rc5 35. Kf1 Kg6 36. g4 Kf6 37. Ke2 Ke6 38. h3 Ng6 39. Kd3 Nf4+ 40. Kd4 Kd6 41. Nf5+ Kc6 42. Ra3 Ne2+ 43. Ke4 Nf4 44. Kd4 Ne2+ 45. Ke3 Nf4 46. Nd4+ Kb6 47. Ra4 Re5+ 48. Kf3 Nxh3 49. Nb3 Nf4 50. c5+ Kb5 51. Rxa5+ Kb4 52. c6 Re8 53. Rxg5 Ne6 54. Rf5 Kxb3 55. Kg3 Re7 56. g5 Rc7 57. f4 Kc4 58. Kg4 Nd4 59. Rf6 Nxc6 60. f5 Ne5+ 61. Kh4 Kd5 62. g6 fxg6 63. fxg6 Nxg6+ 64. Rxg6 Rc6 65. Rxc6 Kxc6 1/2-1/2